书目信息 |
| 题名: |
人生散步
|
|
| 作者: | 石国兴 , 周瑛 著 | |
| 分册: | ||
| 出版信息: | 北京 警官教育出版社 1993 |
|
| 页数: | 178页 | |
| 开本: | 19cm | |
| 丛书名: | ||
| 单 册: | ||
| 中图分类: | B821-49 , R395.6-49 | |
| 科图分类: | ||
| 主题词: | 心理卫生--普及读物 , 人生观--普及读物 | |
| 电子资源: | ||
| ISBN: | 7-81027-096-6 | |
| 000 | 00774nam0 2200265 45 | |
| 001 | TLS9401847 | |
| 005 | 20070714112017.56 | |
| 009 | TLS9401847 | |
| 010 | @a7-81027-096-6@dCNY3.90 | |
| 100 | @a19940506d1993 em y0chiy0120 ea | |
| 101 | 0 | @achi |
| 102 | @aCN@b110000 | |
| 105 | @ay z 000yy | |
| 200 | 1 | @a人生散步@ARen Sheng San Bu@e心理保健趣谈@f石国兴, 周瑛著@FShi Guo Xing , Zhou Ying Zhu |
| 210 | @a北京@c警官教育出版社@d1993 | |
| 215 | @a178页@d19cm | |
| 517 | 1 | @a心理保健趣谈@AXin Li Bao Jian Qu Tan |
| 606 | @a心理卫生@x普及读物 | |
| 606 | @a人生观@x普及读物 | |
| 690 | @aB821-49@v3 | |
| 690 | @aR395.6-49@v3 | |
| 701 | 0 | @a石国兴@AShi Guo Xing@4著 |
| 701 | 0 | @a周瑛@AZhou Ying@4著 |
| 801 | 0 | @aCN@bTSSF@c20070714 |
| 905 | @a10447@dB821-49@e351 | |
| 人生散步:心理保健趣谈/石国兴, 周瑛著.-北京:警官教育出版社,1993 |
| 178页;19cm |
| ISBN 7-81027-096-6:CNY3.90 |
| ● |
| 相关链接 |
|
|
|
|
正题名:人生散步
索取号:B821-49/351
 
预约/预借
| 序号 | 登录号 | 条形码 | 馆藏地/架位号 | 状态 | 备注 |
| 1 | 0768084 | 207680847 | 第一样本阅览室/ [索取号:B821-49/351] | 在馆 | |
| 2 | 0768085 | 207680856 | 密集书库/ [索取号:B821-49/351] | 在馆 | |
| 3 | 0768086 | 207680865 | 密集书库/ [索取号:B821-49/351] | 在馆 | |
| 4 | 0768087 | 207680874 | 密集书库/ [索取号:B821-49/351] | 在馆 |